Hanna-Barbera Picture Click Quiz Stats

 Plays Quiz Updated Jun 20, 2017

Support Sporcle.
Go Orange.
Score 0/20 Timer 03:00
0 Plays Today
% Correct
Fred
96.4%
Yogi
96.1%
Magilla Gorilla
95.9%
George
95.9%
Dino
95.8%
Cindy
95.5%
Wilma
95.4%
Barney
95.4%
Betty
94.7%
Quick Draw McGraw
94.4%
% Correct
Boo-Boo
93.9%
Ranger Smith
92.8%
Astro
92.4%
Elroy
92.4%
Huckleberry Hound
92.2%
Jane
91.7%
Snagglepuss
91.2%
Judy
81.2%
Dixie
68.2%
Pixie
63.7%

You're not logged in!

Compare scores with friends on all Sporcle quizzes.
OR
Log In
Forgot?

From the Vault

Click the European Mountain Ranges

by mrsmith

Make sure to click mountains, not molehills.
Remove Ads.
Support Sporcle.
Get the best of Sporcle when you Go Orange. This ad-free experience offers more features, more stats, and more fun while also helping to support Sporcle. Thank you for becoming a member.

Show Comments

Extras

Top Quizzes Today


Score Distribution

Your Account Isn't Verified!

In order to create a playlist on Sporcle, you need to verify the email address you used during registration. Go to your Sporcle Settings to finish the process.

Report this User

Report this user for behavior that violates our Community Guidelines.

Details: